000 00771nam a2200253 a 4500
001 BRCA_5040
005 20190320204920.0
008 051110s1947----it-a######---#000-0#fre-#
041 _afre
044 _ait
050 4 _aNC287.G6
_b.M34 1947
100 1 _aMalraux, André
_912870
245 1 0 _aDessins de Goya
_bAu Musée du Prado
_ctexte d´André Malraux.
260 _aGénova, Italia
_bAlbert Skira
_c1947
300 _a39 p.
_bil., 195 láminas
_c29 cm.
500 _aIncluye índice de ilustraciones
500 _aD124
600 1 4 _aGoya y Lucientes, Francisco José de
_d1746-1828
_911075
650 1 4 _aDibujos españoles
_912871
650 1 4 _aDibujantes españoles
_912032
650 1 4 _aGalerías de arte
_zEspaña
_912872
902 _aGFM
942 _2lcc
_cB
999 _c4734
_d4734